U.S States Without N - Statistics

General Stats
  • This quiz has been taken 162 times
  • The average score is 15 of 17
Answer Stats
State % Correct
Alabama
97%
Florida
97%
Georgia
97%
Ohio
97%
Alaska
95%
Texas
95%
Idaho
93%
Hawaii
92%
Utah
91%
Delaware
90%
Mississippi
90%
Colorado
89%
Iowa
89%
South Dakota
86%
Oklahoma
82%
Missouri
81%
Massachusetts
78%
No matching quizzes found
Score Distribution
Percent of People with Each Score
Percentile by Number Answered
Your Score History
You have not taken this quiz